| 000 | 00924cab a2200337 4500 | ||
|---|---|---|---|
| 001 | ABS58690 | ||
| 008 | 090401t1998 xxu||||| |||| 00| 0 eng d | ||
| 035 | _a(Sirsi) u86555 | ||
| 041 | _aeng | ||
| 245 | _aFocus `98: Retail | ||
| 260 | _c1998 | ||
| 350 | _a0 | ||
| 490 |
_aEstates Gazette _v(9820) 16 may 1998, 87-117(15) |
||
| 650 | _aACQUISITIONS | ||
| 650 | _aCAR PARKING | ||
| 650 | _aFACTORY OUTLETS | ||
| 650 | _aLEISURE MARKET | ||
| 650 | _aMERGERS | ||
| 650 | _aOUT OF TOWN SHOPPING | ||
| 650 | _aPLANNING POLICY | ||
| 650 | _aRATING REVALUATION | ||
| 650 | _aPROPERTY-COMMERCIAL PROPERTY-RETAIL PROPERTY-RETAIL PROPERTY MARKET | ||
| 650 | _aRETAIL PARKS | ||
| 650 | _aRETAIL RENTAL MARKET | ||
| 650 | _aRETAIL WAREHOUSES | ||
| 650 | _aSHOPPING PATTERNS | ||
| 650 | _aTOURISM | ||
| 690 | _aPROPERTY-COMMERCIAL PROPERTY-COMMERCIAL PROPERTY MARKET | ||
| 942 | _n0 | ||
| 948 | _c02/06/1998 | ||
| 999 |
_c54488 _d54488 |
||